000 00293nam a2200121Ia 4500
005 20251222154322.0
008 251222s9999||||xx |||||||||||||| ||spa||
020 _a84-206-1675-3
082 _a863.64/F42C
100 _a"Fernández Santos, Jesús"
245 0 _aCuentos completos
942 _cLIB
999 _c33818
_d33818